MARC details
| 000 -LEADER |
| campo de control de longitud fija |
03009nam a22002777i 4500 |
| 003 - IDENTIFICADOR DE NÚMERO DE CONTROL |
| campo de control |
OSt |
| 005 - FECHA Y HORA DE LA ÚLTIMA TRANSACCIÓN |
| campo de control |
20251203104341.0 |
| 008 - DATOS DE LONGITUD FIJA--INFORMACIÓN GENERAL |
| campo de control de longitud fija |
251202s2023 ck|||||g |||| 001 0 spa d |
| 020 ## - NÚMERO INTERNACIONAL ESTÁNDAR DEL LIBRO |
| Número Internacional Estándar del Libro |
9786287531697 |
| 040 ## - FUENTE DE CATALOGACIÓN |
| Lengua de catalogación |
spa |
| Centro/agencia transcriptor |
LADOV |
| 041 ## - CÓDIGO DE IDIOMA |
| Código de lengua del texto/banda sonora o título independiente |
spa |
| 082 04 - NÚMERO DE LA CLASIFICACIÓN DECIMAL DEWEY |
| Número de clasificación |
709.8 |
| Número de ítem |
C416c |
| 100 1# - ENTRADA PRINCIPAL--NOMBRE DE PERSONA |
| Nombre de persona |
Cerón, Carolina |
| Término indicativo de función/relación |
editora |
| 245 03 - MENCIÓN DEL TÍTULO |
| Título |
Lo curatorial desde el sur / |
| Mención de responsabilidad, etc. |
Carolina Cerón y Ximena Gama Chirolla. |
| 260 ## - PUBLICACIÓN, DISTRIBUCIÓN, ETC. |
| Lugar de publicación, distribución, etc. |
Bogotá : |
| Nombre del editor, distribuidor, etc. |
Instituto Distrital de las Artes-Idartes, |
| Fecha de publicación, distribución, etc. |
c2023. |
| 300 ## - DESCRIPCIÓN FÍSICA |
| Extensión |
237 páginas ; |
| Dimensiones |
24 cm |
| 505 00 - NOTA DE CONTENIDO CON FORMATO |
| Título |
Presentación. |
| -- |
Prólogo. |
| -- |
Lo curatorial o la disciplina sistemática: formas de volver fértil un terreno árido / |
| Mención de responsabilidad |
Anamaría Garzón Mantilla |
| Información miscelánea |
(Ecuador) |
| Título |
No trabajarás nunca más en este pueblo / |
| Mención de responsabilidad |
Ana Laura López de la Torre |
| Información miscelánea |
(Uruguay) |
| Título |
Glosa / |
| Mención de responsabilidad |
Carolina Cerón |
| Información miscelánea |
(Colombia) |
| Título |
Imaginación radical para curar / |
| Mención de responsabilidad |
Carolina Chacón Bernal |
| Información miscelánea |
(Colombia) |
| Título |
Curadurías afectivas: Un recorrido por un proceso de aprendizaje compartido / |
| Mención de responsabilidad |
Eliana Otta |
| Información miscelánea |
(Perú) |
| Título |
Curar: La especulación como herramienta / |
| Mención de responsabilidad |
Éricka Flórez |
| Información miscelánea |
(Colombia) |
| Título |
Niidxi: Sobre curar desde el lenguaje / |
| Mención de responsabilidad |
Eva Posas |
| Información miscelánea |
(México) |
| Título |
Adiós a la precariedad: Manual de uso (en construcción) para una práctica curatorial situada / |
| Mención de responsabilidad |
Fabiola Iza |
| Información miscelánea |
(México) |
| Título |
Somos ríos que fluyen: Aprender y desaprender desde la práctica curatorial / |
| Mención de responsabilidad |
Karol Corrales |
| Información miscelánea |
(Honduras) |
| Título |
Curaduría afectiva: La curaduría como potencia del deseo / |
| Mención de responsabilidad |
Kekena Corvalán |
| Información miscelánea |
(Argentina) |
| Título |
La curaduría de exposiciones en Latinoamérica: ¿Un lugar –heterotópico– para la elaboración del discurso? / |
| Mención de responsabilidad |
Lorena González Inneco |
| Información miscelánea |
(Venezuela) |
| Título |
Una práctica involucrada: Maneras de "artistear" desde TEOR/éTica / |
| Mención de responsabilidad |
Lola Malavasi Lachner |
| Información miscelánea |
(Costa Rica) |
| Título |
Lo curatorial desde aquí / |
| Mención de responsabilidad |
Marilia Loureiro |
| Información miscelánea |
(Brasil) |
| Título |
La bienal como excusa para agrupar nuestras existencias / |
| Mención de responsabilidad |
Maya Juracán |
| Información miscelánea |
(Guatemala) |
| Título |
Reflexiones en torno a una curaduría situada / |
| Mención de responsabilidad |
Melissa Aguilar |
| Información miscelánea |
(Colombia) |
| Título |
Más allá de la curaduría pedagógica: La educación como lugar de correspondencia / |
| Mención de responsabilidad |
Monica Hoff |
| Información miscelánea |
(Brasil) |
| Título |
Centroamérica: Comunidades artísticas y culturales de sentido / |
| Mención de responsabilidad |
Sofía Villena Araya |
| Información miscelánea |
(Costa Rica) |
| Título |
El guion como campo de experimentación curatorial / |
| Mención de responsabilidad |
Soledad García Saavedra |
| Información miscelánea |
(Chile) |
| Título |
Los abismos de la imagen: ¿Son los archivos del trauma y del dolor el material para una exposición artística? / |
| Mención de responsabilidad |
Ximena Gama Chirolla |
| Información miscelánea |
(Colombia) |
| Título |
Biografías y preguntas |
| 520 3# - RESUMEN, ETC. |
| Sumario, etc. |
Este proyecto contó con el apoyo de la Beca Cerrada 2021 del Centro de Investigación y Creación de la Facultad de Artes y Humanidades de la Universidad de Los Andes. |
| 650 04 - PUNTO DE ACCESO ADICIONAL DE MATERIA--TÉRMINO DE MATERIA |
| Término de materia o nombre geográfico como elemento de entrada |
Curaduría |
| Subdivisión geográfica |
América Latina |
| 650 04 - PUNTO DE ACCESO ADICIONAL DE MATERIA--TÉRMINO DE MATERIA |
| Término de materia o nombre geográfico como elemento de entrada |
Mujeres en el arte |
| Subdivisión geográfica |
América Latina |
| 650 04 - PUNTO DE ACCESO ADICIONAL DE MATERIA--TÉRMINO DE MATERIA |
| Término de materia o nombre geográfico como elemento de entrada |
Curaduría como profesión |
| 650 04 - PUNTO DE ACCESO ADICIONAL DE MATERIA--TÉRMINO DE MATERIA |
| Término de materia o nombre geográfico como elemento de entrada |
Curaduría |
| Subdivisión de forma |
historia |
| 700 1# - ENTRADA AGREGADA--NOMBRE PERSONAL |
| Nombre de persona |
Gama Chirolla, Ximena |
| Fechas asociadas al nombre |
1982- |
| Término indicativo de función/relación |
editora |
| 856 ## - LOCALIZACIÓN Y ACCESO ELECTRÓNICOS |
| Identificador Uniforme de Recursos |
<a href="https://galeriasantafe.gov.co/wp-content/uploads/2023/04/Lo_curatorial-VERSION-WEB.pdf">https://galeriasantafe.gov.co/wp-content/uploads/2023/04/Lo_curatorial-VERSION-WEB.pdf</a> |
| 942 ## - ELEMENTOS DE ENTRADA SECUNDARIOS (KOHA) |
| Fuente del sistema de clasificación o colocación |
Clasificación Decimal Dewey |
| Tipo de ítem Koha |
Libros |
| Parte de la signatura que corresponde a la clasificación (Parte de la clasificación) |
709.8 |
| Parte de la signatura que identifica el ejemplar (Parte del ítem) |
C416c |
| Suprimir en OPAC |
No |